000 00483nam a2200181Ia 4500
005 20250508155650.0
008 008 250505s9999 xx 000 0 hin d
037 _aTextual
040 _aFEDL
_beng
_cFEDL
041 _ahin
_2hin
084 _aB, PAN
_qFEDL
100 _aKatgade Pundlikaji
_9767219
245 0 _aSansmarniya perv
260 _aBailgaon
_bRam Chandra vyanktesh Vadavi
_c1964
300 _a267p
942 _cTEXL
_hB, PAN
999 _c1358651
_d1358651